Normal view
MARC view
Entry Personal Name
001 - CONTROL NUMBER
- control field: 1892
003 - CONTROL NUMBER IDENTIFIER
- control field: OSt
005 - DATE AND TIME OF LATEST TRANSACTION
- control field: 20230626125924.0
008 - FIXED-LENGTH DATA ELEMENTS
- fixed length control field: 230626|| aca||aabn | a|a d
040 ## - CATALOGING SOURCE
- Original cataloging agency: OSt
- Transcribing agency: OSt
100 ## - HEADING--PERSONAL NAME
- Personal name: Kwarteng, Nicholas Freduah
670 ## - SOURCE DATA FOUND
- Source citation: Work cat.: (OSt)8864: Ghana legal system and legal methods : a core text book for LLB students. /, 2019.
